000 00806cam a2200229 i 4500
005 20260114112855.0
008 250721s2005 jo gr 000 0 ara d
020 _a9957115405
082 1 4 _a306.8
_bح س ن
100 1 _aالحسن، احسان محمد
_eمؤلف.
245 1 0 _aعلم إجتماع العائلة /
_cالأستاذ الدكتور إحسان محمد الحسن.
250 _aالطبعة الأولى.
264 3 1 _aعمان :
_bدار وائل للنشر والتوزيع،
_c2005.
300 _a300 صفحة.
650 1 7 _aعلم الإجتماع.
650 1 7 _aالأنثروبولوجيا الإجتماعية.
650 1 7 _aالثقافة.
650 1 7 _aالعائلة.
650 1 7 _aالأسرة.
942 _2ddc
_cBK
999 _c99065
_d99065